000
00284nam a22001337a 4500
008
170508b xxu||||| |||| 00| 0 eng d
020
_a
9780735588523
041
_a
eng
080
_2
5TH
_a
342
100
_a
15
101
_a
SHJ
245
_a
CONTRACTS
_c
BLUM, B.A
942
_2
udc
_c
BK
999
_c
12876
_d
12876